InterRegios der Schweiz - Statistiken

Allgemein
  • Dieses Quiz wurde 32 mal gespielt
  • Das Durchschnittsergebnis liegt bei 159 aus 221
Antwortstatistiken
Linie Bahnhof % Korrekt
Bern
100%
St.Gallen
100%
Winterthur
100%
Zug
100%
IR13 | IR16 | IR46Treno Gottardo | IR70 Zürich HB
100%
Olten
95%
Zürich Flughafen
95%
Arth-Goldau
90%
IR26Treno Gottardo | IR27 | IR36 | IR37 Basel SBB
90%
Bellinzona
90%
Chur
90%
Genève/Genf
90%
Lausanne
90%
Locarno
90%
IR15 | IRLEX Luzern
90%
Zürich Oerlikon
90%
IR90 | IR95 Brig
86%
Sargans
86%
Wil SG
86%
Zürich Altstetten
86%
Züruch Altstetten
86%
Aarau
81%
Altdorf UR
81%
Biel/Bienne
81%
Frauenfeld
81%
Fribourg/Freiburg
81%
Genève Aéroport/ Genf Flughafen
81%
Genève Aéroport/Genf Flughafen
81%
Göschenen
81%
Landquart
81%
Liestal
81%
Rorschach
81%
Visp
81%
Airolo
76%
Buchs SG
76%
Gossau SG
76%
Kreuzlingen
76%
Montreux
76%
Neuchâtel
76%
IR57 Neuchâtel/Neuenburg
76%
Nyon
76%
Rapperswil SG
76%
Sion/Sitten
76%
St.Margrethen
76%
Thalwil
76%
Wädenswil
76%
Weinfelden
76%
Baar
71%
Bad Ragaz
71%
Biasca
71%
Brugg AG
71%
Burgdorf
71%
Flawil
71%
Flüelen
71%
IR75 Konstanz(D)
71%
Küssnacht am Rigi
71%
Langenthal
71%
Maienfeld
71%
Martigny
71%
Renens VD
71%
Rotkreuz
71%
Schwyz
71%
Sierre/Siders
71%
Uzwil
71%
Aigle
67%
Altstätten SG
67%
Ambri-Piotta
67%
Baden
67%
Erstfeld
67%
Frick
67%
La Chaux-de-Fonds
67%
Lenzburg
67%
Lyss
67%
Morges
67%
Pfäffikon SZ
67%
Rheinfelden
67%
St-Maurice
67%
Sursee
67%
Vevey
67%
Walenstadt
67%
Yverdon-les-Bains
67%
Brunnen
62%
Dietikon
62%
Giubiasco
62%
Leuk
62%
Siebnen-Wangen
62%
Sissach
62%
Stein-Säckingen
62%
St.Moritz
62%
Tenero
62%
Ziegelbrücke
62%
Zofingen
62%
Arth-Goldau
57%
Herisau
57%
Ins
57%
Meggen Zentrum
57%
Stans
57%
Biberbrugg
52%
Cadenazzo
52%
Engelberg
52%
Gland
52%
Heerbrugg
52%
Kerzers
52%
Luzern Verkehrshaus
52%
Romont FR
52%
Unterterzen
52%
Uznach
52%
Wattwil
52%
Faido
48%
Filisur
48%
Herzogenbuchsee
48%
Thusis
48%
Castione-Arbedo
43%
Celerina/Schlarigna
43%
Chambrelien
43%
Gelterkinden
43%
Palézieux
43%
Preda
43%
Reichenau-Tamins
43%
Samedan
43%
Bergün/Bravuogn
38%
Bern Brünnen Westside
38%
Bodio TI
38%
Les Geneveys-sur-Coffrane
38%
Les Hauts-Geneveys
38%
Tiefencastel
38%
Wolfenschiessen
38%
Wynigen
38%
Dallenwil
33%
Rothenthurm
29%
Lavorgo
24%
Grafenort
19%
Spinas
19%
Niederrickenbach
10%
Keine übereinstimmenden Quizze gefunden
Verteilung der Resultate
Anzahl Personen mit jedem Resultat
Perzentil nach korrekt beantworteten Fragen
Ihre Resultats-Entwicklung
Sie haben dieses Quiz noch nicht gespielt